<?xml version="1.0" encoding="UTF-8"?>
<record
    xmlns:xsi="http://www.w3.org/2001/XMLSchema-instance"
    xsi:schemaLocation="http://www.loc.gov/MARC21/slim http://www.loc.gov/standards/marcxml/schema/MARC21slim.xsd"
    xmlns="http://www.loc.gov/MARC21/slim">

  <leader>01022nam a2200205 i 4500</leader>
  <controlfield tag="001">25014</controlfield>
  <controlfield tag="003">ES-MaACL</controlfield>
  <controlfield tag="005">20250719062532.0</controlfield>
  <controlfield tag="007">t|</controlfield>
  <controlfield tag="008">021219s1885    fr           |||| | fre d</controlfield>
  <datafield tag="110" ind1="1" ind2=" ">
    <subfield code="a">Francia. </subfield>
    <subfield code="b">Minist&#xE8;re de l'Int&#xE9;rieur.</subfield>
    <subfield code="9">134396</subfield>
  </datafield>
  <datafield tag="245" ind1="1" ind2="0">
    <subfield code="a">Application du r&#xE9;gime d'emprisonnement individuel en France / </subfield>
    <subfield code="c">[Minist&#xE8;re de l'Int&#xE9;rieur].</subfield>
  </datafield>
  <datafield tag="260" ind1=" " ind2=" ">
    <subfield code="a">Par&#xED;s : </subfield>
    <subfield code="b">[s.n.], </subfield>
    <subfield code="c">1885 (</subfield>
    <subfield code="f">Imp.du Journal Officiel)</subfield>
  </datafield>
  <datafield tag="300" ind1=" " ind2=" ">
    <subfield code="a">136 p. ; </subfield>
    <subfield code="c">25 cm.</subfield>
  </datafield>
  <datafield tag="650" ind1=" " ind2=" ">
    <subfield code="a">Derecho penitenciario-</subfield>
    <subfield code="z">Francia.</subfield>
    <subfield code="9">141896</subfield>
  </datafield>
  <datafield tag="852" ind1=" " ind2=" ">
    <subfield code="a">ES-MaACL</subfield>
    <subfield code="j">D-68(3) </subfield>
    <subfield code="c">SVI</subfield>
    <subfield code="b">R.FOLL.1/3</subfield>
    <subfield code="d">Olim: 193-C-18</subfield>
    <subfield code="f">Sello en tinta en portada: "Donativo del Sr. Lastres al Ateneo de Madrid. 1707".</subfield>
    <subfield code="g">Anotaci&#xF3;n manuscrita en cubierta: "Folletos Penitenciarios. Tomo 8"</subfield>
    <subfield code="h">Donaci&#xF3;n: Francisco Lastres y Juiz</subfield>
    <subfield code="x">Encuadernaci&#xF3;n holandesa</subfield>
    <subfield code="x">Encuadernado con otras obras formando un volumen facticio.</subfield>
    <subfield code="9">25941</subfield>
  </datafield>
  <datafield tag="903" ind1=" " ind2=" ">
    <subfield code="a">Lastres y Juiz, Francisco,</subfield>
    <subfield code="d">1848-1918</subfield>
    <subfield code="q">1</subfield>
    <subfield code="e">dnr</subfield>
    <subfield code="9">70504</subfield>
  </datafield>
  <datafield tag="942" ind1=" " ind2=" ">
    <subfield code="2">udc</subfield>
    <subfield code="c">FOLLETOS</subfield>
  </datafield>
  <datafield tag="999" ind1=" " ind2=" ">
    <subfield code="c">25014</subfield>
    <subfield code="d">25014</subfield>
  </datafield>
  <datafield tag="952" ind1=" " ind2=" ">
    <subfield code="0">0</subfield>
    <subfield code="1">0</subfield>
    <subfield code="2">udc</subfield>
    <subfield code="4">0</subfield>
    <subfield code="7">0</subfield>
    <subfield code="8">Colecci&#xF3;n_de_folletos</subfield>
    <subfield code="a">ATENEOM</subfield>
    <subfield code="b">ATENEOM</subfield>
    <subfield code="c">SVI</subfield>
    <subfield code="d">2008-01-17</subfield>
    <subfield code="e">DONACION</subfield>
    <subfield code="l">0</subfield>
    <subfield code="o">D-68(3)</subfield>
    <subfield code="p">901025791</subfield>
    <subfield code="r">2023-02-23 00:00:00</subfield>
    <subfield code="w">2023-02-23</subfield>
    <subfield code="y">FOLLETOS</subfield>
  </datafield>
</record>
